Statistics for Most Appearances & Goals at the FIFA World Cup for Uruguay

Click here to take the quiz!

General Stats

  • This quiz has been taken 50 times
  • The average score is 6 of 23

Answer Stats

Answer% Correct
Edinson Cavani
100%
Luis Suarez
100%
Diego Forlan
86%
Diego Godin
80%
Fernando Muslera
77%
Cristian Rodríguez
39%
Maximiliano Pereira
32%
Martin Caceres
30%
Juan Schiaffino
18%
Alcides Ghiggia
11%
Egidio Arevalo
11%
Ladislao Mazurkiewicz
9%
Oscar Miguez
7%
Carlos Borges
5%
Juan Anselmo
5%
Juan Hohberg
5%
Julio Cortes
5%
Luis Cubilla
5%
Luis Ubina
5%
Pedro Cea
5%
Pedro Rocha
5%
Victor Esparrago
5%
Victor Rodriguez Andrade
5%

Score Distribution

Percentile by Number Answered

Percent of People with Each Score

Your Score History

You have not taken this quiz